<?xml version="1.0" encoding="UTF-8"?>
<collection xmlns="http://www.loc.gov/MARC21/slim">
 <record>
  <leader>04548nam a22004935i 4500</leader>
  <controlfield tag="001">978-4-431-55612-1</controlfield>
  <controlfield tag="003">DE-He213</controlfield>
  <controlfield tag="005">20210618020949.0</controlfield>
  <controlfield tag="007">cr nn 008mamaa</controlfield>
  <controlfield tag="008">151014s2015    ja |    s    |||| 0|eng d</controlfield>
  <datafield tag="020" ind1=" " ind2=" ">
   <subfield code="a">9784431556121</subfield>
   <subfield code="9">978-4-431-55612-1</subfield>
  </datafield>
  <datafield tag="024" ind1="7" ind2=" ">
   <subfield code="a">10.1007/978-4-431-55612-1</subfield>
   <subfield code="2">doi</subfield>
  </datafield>
  <datafield tag="050" ind1=" " ind2="4">
   <subfield code="a">HD28-70</subfield>
  </datafield>
  <datafield tag="072" ind1=" " ind2="7">
   <subfield code="a">KJMV6</subfield>
   <subfield code="2">bicssc</subfield>
  </datafield>
  <datafield tag="072" ind1=" " ind2="7">
   <subfield code="a">BUS087000</subfield>
   <subfield code="2">bisacsh</subfield>
  </datafield>
  <datafield tag="072" ind1=" " ind2="7">
   <subfield code="a">KJMV6</subfield>
   <subfield code="2">thema</subfield>
  </datafield>
  <datafield tag="072" ind1=" " ind2="7">
   <subfield code="a">PDG</subfield>
   <subfield code="2">thema</subfield>
  </datafield>
  <datafield tag="082" ind1="0" ind2="4">
   <subfield code="a">658.514</subfield>
   <subfield code="2">23</subfield>
  </datafield>
  <datafield tag="100" ind1="1" ind2=" ">
   <subfield code="a">Kadono, Yasuo.</subfield>
   <subfield code="e">author.</subfield>
   <subfield code="4">aut</subfield>
   <subfield code="4">http://id.loc.gov/vocabulary/relators/aut</subfield>
  </datafield>
  <datafield tag="245" ind1="1" ind2="0">
   <subfield code="a">Management of Software Engineering Innovation in Japan</subfield>
   <subfield code="h">[electronic resource] /</subfield>
   <subfield code="c">by Yasuo Kadono.</subfield>
  </datafield>
  <datafield tag="250" ind1=" " ind2=" ">
   <subfield code="a">1st ed. 2015.</subfield>
  </datafield>
  <datafield tag="264" ind1=" " ind2="1">
   <subfield code="a">Tokyo :</subfield>
   <subfield code="b">Springer Japan :</subfield>
   <subfield code="b">Imprint: Springer,</subfield>
   <subfield code="c">2015.</subfield>
  </datafield>
  <datafield tag="300" ind1=" " ind2=" ">
   <subfield code="a">XIII, 173 p. 102 illus., 37 illus. in color.</subfield>
   <subfield code="b">online resource.</subfield>
  </datafield>
  <datafield tag="336" ind1=" " ind2=" ">
   <subfield code="a">text</subfield>
   <subfield code="b">txt</subfield>
   <subfield code="2">rdacontent</subfield>
  </datafield>
  <datafield tag="337" ind1=" " ind2=" ">
   <subfield code="a">computer</subfield>
   <subfield code="b">c</subfield>
   <subfield code="2">rdamedia</subfield>
  </datafield>
  <datafield tag="338" ind1=" " ind2=" ">
   <subfield code="a">online resource</subfield>
   <subfield code="b">cr</subfield>
   <subfield code="2">rdacarrier</subfield>
  </datafield>
  <datafield tag="347" ind1=" " ind2=" ">
   <subfield code="a">text file</subfield>
   <subfield code="b">PDF</subfield>
   <subfield code="2">rda</subfield>
  </datafield>
  <datafield tag="505" ind1="0" ind2=" ">
   <subfield code="a">Part I Industry and Engineering Capabilities from Surveys and Statistical Analyses -- 1.Introduction to Software Engineering Innovation in Japan -- 2. Surveys on Software Engineering Excellence -- 3. Statistical Analysis Results and Practical Implications of the SEE Surveys -- Part II Research Relevant to Managing Innovation in the Broadest Sense -- 4. A Study of the Characteristics of Software Vendors in Japan from a Competitive Environment and Resource-Based Viewpoint -- 5. IT Management Effectiveness: An Empirical Study in Japanese Companies -- 6. Social Research on IT Management Innovation Toward Service Science and Science for Society -- 7. Agent-Based Modeling of the Software Industry Structure in Japan: Preliminary Consideration of the Influence of Offshoring in China -- 8. Hybrid Methods to Predict Scenarios in the Japanese Software Industry.</subfield>
  </datafield>
  <datafield tag="520" ind1=" " ind2=" ">
   <subfield code="a">This book assesses the achievements of the software engineering discipline as represented by IT vendors in Japan in order to deepen understanding of the mechanisms of how software engineering capabilities relate to IT vendors’ business performance and business environment from the perspective of innovation and engineering management. Based on the concepts of service science and science for society, the volume suggests how to improve the sophistication of services between the demand side, i.e., IT user companies, and the supply side, i.e., IT vendors, simultaneously. The author and his colleagues developed a structural model including innovational paths, such as service innovation, product innovation and process innovation, and a measurement model including the seven software engineering capabilities: deliverables, project management, quality assurance, process improvement, research and development, human resource development, and customer contact. Then they designed research on software engineering excellence and administered it with the Japanese Ministry of Economy, Trade and Industry and Information-Technology Promotion Agency. Through statistical analyses of the results, they found that human resource development and R&amp;D are significant fundamental conditions to improve the quality of the deliverables and that IT firms with high levels of deliverables, derived from high levels of human resource development, quality assurance, project management and process improvement, tend to sustain high profitability. In addition, they developed a measurement model based on Porter’s five forces and Barney’s resource-based view. A regression tree analysis suggested that manufacturer spin-off vendors tend to expand business with well-resourced R&amp;D, whereas user spin-off vendors tend to depend heavily on parent company demand.</subfield>
  </datafield>
  <datafield tag="650" ind1=" " ind2="0">
   <subfield code="a">Management.</subfield>
  </datafield>
  <datafield tag="650" ind1=" " ind2="0">
   <subfield code="a">Industrial management.</subfield>
  </datafield>
  <datafield tag="650" ind1=" " ind2="0">
   <subfield code="a">Industrial procurement.</subfield>
  </datafield>
  <datafield tag="650" ind1="1" ind2="4">
   <subfield code="a">Innovation/Technology Management.</subfield>
   <subfield code="0">https://scigraph.springernature.com/ontologies/product-market-codes/518000</subfield>
  </datafield>
  <datafield tag="650" ind1="2" ind2="4">
   <subfield code="a">Procurement.</subfield>
   <subfield code="0">https://scigraph.springernature.com/ontologies/product-market-codes/519040</subfield>
  </datafield>
  <datafield tag="710" ind1="2" ind2=" ">
   <subfield code="a">SpringerLink (Online service)</subfield>
  </datafield>
  <datafield tag="773" ind1="0" ind2=" ">
   <subfield code="t">Springer Nature eBook</subfield>
  </datafield>
  <datafield tag="776" ind1="0" ind2="8">
   <subfield code="i">Printed edition:</subfield>
   <subfield code="z">9784431556138</subfield>
  </datafield>
  <datafield tag="776" ind1="0" ind2="8">
   <subfield code="i">Printed edition:</subfield>
   <subfield code="z">9784431556114</subfield>
  </datafield>
  <datafield tag="776" ind1="0" ind2="8">
   <subfield code="i">Printed edition:</subfield>
   <subfield code="z">9784431562948</subfield>
  </datafield>
  <datafield tag="856" ind1="4" ind2="0">
   <subfield code="u">https://doi.org/10.1007/978-4-431-55612-1</subfield>
  </datafield>
  <datafield tag="912" ind1=" " ind2=" ">
   <subfield code="a">ZDB-2-SBE</subfield>
  </datafield>
  <datafield tag="912" ind1=" " ind2=" ">
   <subfield code="a">ZDB-2-SXBM</subfield>
  </datafield>
  <datafield tag="950" ind1=" " ind2=" ">
   <subfield code="a">Business and Economics (SpringerNature-11643)</subfield>
  </datafield>
  <datafield tag="950" ind1=" " ind2=" ">
   <subfield code="a">Business and Management (R0) (SpringerNature-43719)</subfield>
  </datafield>
 </record>
</collection>
